Sprunki Characters with Hints ig - Statistics

General Stats
  • This quiz has been taken 247 times
  • The average score is 18 of 20
Answer Stats
Hint Answer % Correct
orange oren
97%
red raddy
92%
tan tunner
92%
tree mr. tree
91%
computer mr. fun computer
90%
sun mr. sun
90%
cyan sky
89%
white wenda
89%
black black
88%
yellow simon
88%
purple durple
87%
gray gray
87%
blue jevin
87%
lime owackx
87%
pink pinki
86%
brown brud
85%
robot fun bot
85%
gold garnold
85%
green vineria
83%
silver clukr
82%
No matching quizzes found
Score Distribution
Percent of People with Each Score
Percentile by Number Answered
Your Score History
You have not taken this quiz